Nationalités Joueurs Ligue 1 23/24 - Statistiques

Statistiques générales
  • Ce quiz a été pris 258 fois
  • Le résultat moyen est 49 sur 74
Statistiques - réponses
Joueurs Pays Confédération % Correct
224 France UEFA
100%
14 Brésil CONMEBOL
97%
11 Espagne UEFA
97%
12 Algérie CAF
96%
18 Maroc CAF
96%
4 Italie UEFA
93%
13 Portugal UEFA
93%
5 Argentine CONMEBOL
92%
20 Sénégal CAF
91%
3 Allemagne UEFA
90%
4 Angleterre UEFA
89%
2 Tunisie CAF
89%
10 Belgique UEFA
88%
2 Russie UEFA
88%
7 Suisse UEFA
87%
3 Japon AFC
84%
4 Norvège UEFA
83%
10 Cameroun CAF
82%
1 Égypte CAF
82%
12 Pays-Bas UEFA
82%
6 Pologne UEFA
82%
3 RD Congo CAF
82%
18 Côte d'Ivoire CAF
81%
4 Suède UEFA
81%
2 Uruguay CONMEBOL
81%
1 Canada CONCACAF
80%
1 États-Unis CONCACAF
80%
10 Mali CAF
80%
2 Congo CAF
79%
3 Danemark UEFA
79%
2 Colombie CONMEBOL
78%
1 Corée du Sud AFC
77%
4 Autriche UEFA
75%
2 Chili CONMEBOL
75%
1 Afrique du Sud CAF
74%
2 Croatie UEFA
74%
2 Finlande UEFA
74%
3 Nigéria CAF
74%
2 Ukraine UEFA
74%
3 Turquie UEFA
72%
1 Australie AFC
68%
1 Serbie UEFA
68%
2 Slovaquie UEFA
67%
7 Guinée CAF
66%
1 Slovénie UEFA
66%
1 Hongrie UEFA
65%
2 Ghana CAF
62%
2 Bosnie-Herzégovine UEFA
61%
2 Venezuela CONMEBOL
61%
2 Gabon CAF
59%
1 Islande UEFA
58%
1 Costa Rica CONCACAF
57%
4 Kosovo UEFA
53%
1 Malte UEFA
48%
2 Angola CAF
46%
1 Burkina Faso CAF
46%
1 Géorgie UEFA
46%
1 Kenya CAF
45%
2 Bénin CAF
43%
1 Mauritanie CAF
43%
3 République Centrafricaine CAF
43%
1 Jamaique CONCACAF
42%
2 Cap-Vert CONMEBOL
40%
2 Haiti CONCACAF
40%
1 Guinée-Bissau CAF
39%
2 Zimbabwe CAF
39%
1 Comores CAF
38%
1 Gambie CAF
33%
1 Ouzbékistan AFC
20%
1 Burundi CAF
19%
1 Jordanie AFC
18%
1 Guadeloupe CONCACAF
12%
1 Martinique CAF
11%
1 Guyane Française CONCACAF
1%
Aucun quiz correspondant
Distribution des résultats
% des personnes avec chaque résultat
Percentile par nombre de réponses
Votre historique - résultats
Vous n’avez pas pris ce quiz